00497nam a22001577a 450000500170000000800410001704000070005804100120006508200140007710000240009124500250011526000200014030000270016052001350018765000170032220250618115555.0250617b |||||||| |||| 00| 0 eng d cAL aEnglish a255bCELC aM Rose Celine BS Ed aCompassionate pastor aMangalorec2023 a56 p.bPBc21.5x14 cm. aCompassionate pastor: servant of God Raymond F C Mascarenhas a champion of education goodnews to the poor. June 2023,volume16,no.1 aChristianity